000 00404pab a2200157 454500
008 180718b2010 xxu||||| |||| 00| 0 eng d
100 _aChaudhuri, Srabani
245 _aReal borders and fake realities: reflections on unconventional border politics
260 _c2010
300 _ap.21-27.
362 _a3 Apr
650 _aBorder disputes
773 _aMainstream
908 _aN
909 _a85884
999 _c85884
_d85884